Southville International School and Colleges
Your cart is empty.
  • Cart
  • Lists
    Public lists Eva Luna New books Lux_list list_1
    Your lists Log in to create your own lists
  • Log in to your account
  • Your cookies
  • Search history
Southville International School and Colleges
  • Advanced search
  • Recent comments
  • Most popular
  • Libraries

Log in to your account

Log in with GOOGLE


If you do not have an external account, but do have a local account, you can still log in:

  1. Home
  2. MARC view: Tenth grade bleeds /
Normal view MARC view ISBD view

Tenth grade bleeds / (Record no. 2419)

[ view plain ]
MARC details
000 -LEADER
fixed length control field 00734nam a22002537a 4500
003 - CONTROL NUMBER IDENTIFIER
control field LC
005 - DATE AND TIME OF LATEST TRANSACTION
control field 20160322102756.0
008 - FIXED-LENGTH DATA ELEMENTS--GENERAL INFORMATION
fixed length control field 130313t xxu||||| |||| 00| 0 eng d
020 ## - INTERNATIONAL STANDARD BOOK NUMBER
International Standard Book Number 9780525421351
050 ## - LIBRARY OF CONGRESS CALL NUMBER
Classification number PZ 7
Item number .B847 2009
082 ## - DEWEY DECIMAL CLASSIFICATION NUMBER
Classification number FIC
Item number B847 2009
100 ## - MAIN ENTRY--PERSONAL NAME
Personal name Brewer, Heather
9 (RLIN) 17215
245 ## - TITLE STATEMENT
Title Tenth grade bleeds /
Statement of responsibility, etc Heather Brewer
250 ## - EDITION STATEMENT
Edition statement 1st ed.
260 ## - PUBLICATION, DISTRIBUTION, ETC. (IMPRINT)
Place of publication, distribution, etc New York
Name of publisher, distributor, etc Dutton Children’s Books
Date of publication, distribution, etc c2009.
300 ## - PHYSICAL DESCRIPTION
Extent 292 p. :
Dimensions 22 cm.
440 ## - SERIES STATEMENT/ADDED ENTRY--TITLE
Title The Chronicles of Vladimir Tod
9 (RLIN) 17223
526 ## - STUDY PROGRAM INFORMATION NOTE
Reading level 820
650 ## - SUBJECT ADDED ENTRY--TOPICAL TERM
Topical term or geographic name as entry element Vampires -- Juvenile fiction.
650 ## - SUBJECT ADDED ENTRY--TOPICAL TERM
Topical term or geographic name as entry element Teenage boys -- Juvenile fiction.
650 ## - SUBJECT ADDED ENTRY--TOPICAL TERM
Topical term or geographic name as entry element High school students -- Juvenile fiction.
942 ## - ADDED ENTRY ELEMENTS (KOHA)
Source of classification or shelving scheme Library of Congress Classification
Koha item type Books
Holdings
Withdrawn status Lost status Source of classification or shelving scheme Damaged status Home library Current library Shelving location Date acquired Total Checkouts Full call number Barcode Date last seen Date checked out Copy number Price effective from Koha item type
    Library of Congress Classification   Luxembourg Library Luxembourg Library Fiction Section 03/13/2013 1 PZ 7 .B847 2009 19063 01/14/2019 01/11/2019 1 10/03/2013 Books

Tenth grade bleeds /

APA

Brewer H., . (2009). Tenth grade bleeds. New York: Dutton Children’s Books.

Chicago

Brewer Heather, . 2009. Tenth grade bleeds. New York: Dutton Children’s Books.

Harvard

Brewer H., . (2009). Tenth grade bleeds. New York: Dutton Children’s Books.

MLA

Brewer Heather, . Tenth grade bleeds. New York: Dutton Children’s Books. 2009.

  • Place hold
  • Print
  • Cite
  • Add to your cart (remove)
  • Save record
    BIBTEX Dublin Core MARCXML MARC (non-Unicode/MARC-8) MARC (Unicode/UTF-8) MARC (Unicode/UTF-8, Standard) MODS (XML) RIS
  • More searches
    Search for this title in:
    Other Libraries (WorldCat) Other Databases (Google Scholar) Online Stores (Bookfinder.com) Open Library (openlibrary.org)

Exporting to Dublin Core...

SOUTHVILLE LIBRARY

Southville International School and Colleges Library

1281 Tropical Ave. Cor. Luxembourg St., BF Homes International, Las Pinas City

Tel. No. 8256374 / 252358 Loc. 117/146

Powered by Koha